[Event "North Shore Open-A"]
[Site "Devonport"]
[Date "2015.09.20"]
[Round "5.6"]
[White "Duneas, John"]
[Black "Runcan, Daniel I"]
[Result "1-0"]
[WhiteElo "2181"]
[BlackElo "1973"]
[PlyCount "135"]
[EventDate "2015.09.20"]
[EventType "swiss"]
[EventRounds "5"]
[EventCountry "NZL"]
[SourceDate "2015.09.19"]

1. d4 Nf6 2. c4 c5 3. d5 b5 4. Qc2 d6 5. e4 g6 6. cxb5 a6 7. Nf3 Nbd7 8. Nc3
Bg7 9. h3 O-O 10. Be2 axb5 11. Bxb5 Ba6 12. O-O Ne8 13. Bxa6 Rxa6 14. b3 Qa5
15. Bb2 Nc7 16. Nd2 Rb8 17. Rfb1 Nb6 18. a3 Raa8 19. b4 cxb4 20. Nb3 Qa6 21.
axb4 Qc4 22. Na5 Qxb4 23. Nc6 Qc4 24. Nxb8 Rxb8 25. Qe2 Qc5 26. Nd1 Bh6 27. Bc1
Bg7 28. Be3 Bd4 29. Rc1 Qb5 30. Qc2 Bxa1 31. Rxa1 Qc4 32. Rc1 Qxc2 33. Rxc2 Na6
34. Rc6 Nxd5 35. Rxa6 Rb1 36. Ra8+ Kg7 37. Ra1 Rxa1 38. Bd4+ f6 39. Bxa1 Nf4
40. Kf1 Kf7 41. Bd4 h5 42. Be3 Nd3 43. Ke2 Ne5 44. Nc3 g5 45. Nb5 Ng6 46. g3
Ke6 47. f4 gxf4 48. gxf4 f5 49. Nd4+ Kf6 50. Nxf5 d5 51. Ng3 dxe4 52. Nxh5+ Ke6
53. Bf2 Kf5 54. Ke3 e5 55. Ng3+ Kf6 56. Nxe4+ Kf5 57. Nd6+ Kf6 58. f5 Nf4 59.
Bh4+ Kg7 60. Ke4 Nxh3 61. Kxe5 Kf8 62. f6 Ng1 63. Bg5 Nf3+ 64. Kf5 Nd4+ 65. Kg6
Ne6 66. Bh6+ Kg8 67. f7+ Kh8 68. Bg7+ 1-0

[Event "North Shore Open-A"]
[Site "Devonport"]
[Date "2015.09.20"]
[Round "5.7"]
[White "Kumar, Vinod"]
[Black "Hair, Philip I"]
[Result "0-1"]
[WhiteElo "2091"]
[BlackElo "1910"]
[PlyCount "82"]
[EventDate "2015.09.20"]
[EventType "swiss"]
[EventRounds "5"]
[EventCountry "NZL"]
[SourceDate "2015.09.19"]

1. d4 Nf6 2. c4 d6 3. Nc3 c6 4. e4 e5 5. Nf3 Bg4 6. Be2 Nbd7 7. Be3 Be7 8. O-O
O-O 9. b4 exd4 10. Nxd4 Bxe2 11. Qxe2 d5 12. c5 dxe4 13. Nf5 Re8 14. f3 a5 15.
Nxe4 axb4 16. Ned6 Bxd6 17. cxd6 Nd5 18. Qb2 Qf6 19. Ne7+ Nxe7 20. Qxf6 Nxf6
21. dxe7 Rxe7 22. Bc5 Re2 23. Bxb4 Raxa2 24. Rxa2 Rxa2 25. Rd1 Nd5 26. Re1 f6
27. Bd6 Kf7 28. f4 b5 29. f5 Ra7 30. Rc1 Ra6 31. Re1 b4 32. Rb1 Rb6 33. Ra1 Rb7
34. Ra8 Ne7 35. Ra1 Nxf5 36. Bc5 Ne7 37. Rb1 Nd5 38. Rb3 Rb5 39. Bf2 c5 40. Kf1
c4 41. Rb1 b3 0-1

[Event "North Shore Open-A"]
[Site "Devonport"]
[Date "2015.09.20"]
[Round "5.9"]
[White "Fan, Allen Chi Zhou"]
[Black "Mukkattu, Philip"]
[Result "0-1"]
[WhiteElo "2017"]
[BlackElo "1767"]
[PlyCount "92"]
[EventDate "2015.09.20"]
[EventType "swiss"]
[EventRounds "5"]
[EventCountry "NZL"]
[SourceDate "2015.09.19"]

1. Nf3 d5 2. c4 c6 3. g3 Nf6 4. Bg2 e6 5. b3 Be7 6. Bb2 Nbd7 7. O-O O-O 8. d4
Re8 9. Nc3 Bf8 10. Qc2 g6 11. e4 dxe4 12. Nxe4 Nxe4 13. Qxe4 Bg7 14. Rad1 Qf6
15. Rd2 Qf5 16. Qe2 Qh5 17. h3 Bh6 18. Rd3 Qa5 19. Bc3 Qd8 20. Ne5 Nxe5 21.
dxe5 Qc7 22. Rfd1 a5 23. Bb2 Ra7 24. Qe4 Bf8 25. Bd4 c5 26. Be3 b6 27. Bg5 Bb7
28. Qf4 Bxg2 29. Kxg2 Be7 30. Bh6 Rd8 31. Rf3 Bf8 32. Re1 Rd4 33. Qg5 Qc6 34.
Bxf8 Kxf8 35. Qf6 Kg8 36. Ree3 Rad7 37. h4 h5 38. a4 Re4 39. Rc3 Qc7 40. Rce3
Qc6 41. Rd3 Red4 42. Rxd4 cxd4 43. Qf4 d3 44. Qd2 Qe4 45. Qd1 d2 46. Kf1 Qxf3
0-1

[Event "North Shore Open-A"]
[Site "Devonport"]
[Date "2015.09.20"]
[Round "5.10"]
[White "Riding, Christopher L"]
[Black "Zhang, Jasmine Haomao"]
[Result "1-0"]
[WhiteElo "1824"]
[BlackElo "1769"]
[PlyCount "75"]
[EventDate "2015.09.20"]
[EventType "swiss"]
[EventRounds "5"]
[EventCountry "NZL"]
[SourceDate "2015.09.19"]

1. d4 d5 2. Nf3 Nf6 3. g3 Bf5 4. Bg2 e6 5. O-O Bd6 6. c4 c6 7. c5 Bc7 8. Nc3
O-O 9. Bg5 Nbd7 10. Nh4 Bg4 11. h3 Bh5 12. g4 Bg6 13. Nxg6 hxg6 14. e4 dxe4 15.
Nxe4 Qe7 16. Re1 Rfd8 17. Qb3 Rab8 18. Rad1 Qf8 19. f4 Re8 20. Bxf6 Nxf6 21. f5
Nxe4 22. Bxe4 gxf5 23. gxf5 Qe7 24. Qf3 Qg5+ 25. Kh1 Ba5 26. Rg1 Qf6 27. Qg3
exf5 28. Bxf5 g6 29. Bd7 Rf8 30. Rgf1 Qe7 31. Bf5 Kg7 32. Rg1 Qf6 33. Rdf1 Kh8
34. Bxg6 Qxg6 35. Qh4+ Kg7 36. Rxg6+ fxg6 37. Qe7+ Kg8 38. Rg1 1-0

[Event "North Shore Open-A"]
[Site "Devonport"]
[Date "2015.09.20"]
[Round "5.11"]
[White "Johns, Daniel P"]
[Black "Gilmour, Mark"]
[Result "1-0"]
[WhiteElo "1987"]
[BlackElo "1870"]
[PlyCount "55"]
[EventDate "2015.09.20"]
[EventType "swiss"]
[EventRounds "5"]
[EventCountry "NZL"]
[SourceDate "2015.09.19"]

1. e4 e6 2. d4 d5 3. Nd2 Nf6 4. e5 Nfd7 5. Bd3 c5 6. c3 b6 7. Ne2 Ba6 8. Bxa6
Nxa6 9. Nf3 Nc7 10. O-O Be7 11. Re1 h6 12. Nf4 O-O 13. Be3 Re8 14. Qd2 Nf8 15.
a4 c4 16. Nh5 g5 17. h4 Nh7 18. Kf1 Rf8 19. Ke2 Ne8 20. Rh1 f5 21. exf6 Nexf6
22. Nxf6+ Nxf6 23. hxg5 Ne4 24. Qc2 Bxg5 25. Nxg5 hxg5 26. f3 Ng3+ 27. Kd2 Nxh1
28. Qg6+ 1-0

[Event "North Shore Open-A"]
[Site "Devonport"]
[Date "2015.09.20"]
[Round "5.12"]
[White "Lim, Benjamin U"]
[Black "Cooper, Nigel M"]
[Result "1-0"]
[WhiteElo "2080"]
[BlackElo "1876"]
[PlyCount "49"]
[EventDate "2015.09.20"]
[EventType "swiss"]
[EventRounds "5"]
[EventCountry "NZL"]
[SourceDate "2015.09.19"]

1. e4 Nc6 2. d4 e5 3. Nf3 exd4 4. Nxd4 Qh4 5. Qd3 d5 6. Nxc6 bxc6 7. exd5 Bc5
8. Be3 Qb4+ 9. Qc3 Qxc3+ 10. Nxc3 Bxe3 11. fxe3 Bd7 12. dxc6 Bxc6 13. O-O-O Ne7
14. Bb5 O-O 15. Bxc6 Nxc6 16. Rd7 Rfc8 17. Nd5 a5 18. Rd1 Kf8 19. Rxc7 Rxc7 20.
Nxc7 Rc8 21. Nd5 Ne5 22. Rd4 f5 23. Nb6 Re8 24. Rd5 g6 25. Rxe5 1-0